Christian witness in pluralistic contexts in the 21st century/

Uloženo v:
Podrobná bibliografie
Další autoři: Wan, Enoch (Editor)
Médium: Kniha
Jazyk:angličtina
Vydáno: California: William Carey Library, 2004.
Edice:Evangelical Missiological Society Series No. 11
Témata:
Tagy: Přidat tag
Žádné tagy, Buďte první, kdo vytvoří štítek k tomuto záznamu!

MARC

LEADER 00000nam a22000007a 4500
003 KE-NaDUL
005 20230221142722.0
008 230221b |||||||| |||| 00| 0 eng d
020 |a 0878083855 
040 |a DUL  |c DUL  |d Pmahero 
050 |a BV2063.C47 2004 
245 |a Christian witness in pluralistic contexts in the 21st century/  |c Edited by Enoch Wan 
260 |a California:  |b William Carey Library,  |c 2004. 
300 |a 273 p. 
440 |a Evangelical Missiological Society Series  |v No. 11  |9 115511 
650 |a Christian witness  |9 115512 
700 |a Wan, Enoch  |e Editor  |9 115513 
942 |2 lcc  |c REF  |h BV2063  |i .C47   |m 2004  |n 1  |6 BV2063 C47 
952 |0 0  |1 0  |2 lcc  |4 0  |6 BV2063 C47 02004  |7 1  |8 REF  |9 132565  |a CUI  |b CUI  |c CUI  |d 2023-02-21  |l 0  |o BV2063.C47 2004  |p CUI01634  |r 2023-02-21 00:00:00  |w 2023-02-21  |x 01634  |y REF 
999 |c 217161  |d 217160